|
|
|
|
| LEADER |
01145nam a2200301 a 4500 |
| 001 |
14739573 |
| 008 |
101011m20092007njua 001 0 eng d |
| 999 |
|
|
|c 9716
|d 9716
|
| 010 |
|
|
|a 2007006830
|
| 020 |
|
|
|a 9788131719442
|
| 020 |
|
|
|a 9780131738867 (pbk. : alk. paper)
|
| 020 |
|
|
|a 0131738860 (pbk. : alk. paper)
|
| 040 |
|
|
|a DLC
|c DLC
|d BAKER
|d BTCTA
|d C#P
|d YDXCP
|d DLC
|d BD-DhAAL
|
| 082 |
0 |
0 |
|a 006.78
|2 22
|
| 100 |
1 |
|
|a Geary, David M.
|9 32944
|
| 245 |
1 |
0 |
|a Core JavaServer faces /
|c David Geary, Cay Horstmann.
|
| 250 |
|
|
|a 2nd ed.
|
| 260 |
|
|
|a Upper Saddle River, NJ :
|b Prentice Hall ;
|a New Delhi ;
|a Pearson Education,
|c c2007 [impression 2009].
|
| 300 |
|
|
|a xx, 723 p. :
|b ill. ;
|c 24 cm.
|
| 500 |
|
|
|a Includes index.
|
| 541 |
1 |
|
|e 00021290
|
| 630 |
0 |
0 |
|a JavaServer pages.
|9 32945
|
| 650 |
|
0 |
|a Web site development.
|9 32946
|
| 650 |
|
0 |
|a Web sites
|x Design.
|9 32947
|
| 700 |
1 |
|
|a Horstmann, Cay S.,
|d 1959-
|9 32948
|
| 852 |
4 |
|
|a Ayesha Abed Library
|j General Shelf.
|
| 942 |
|
|
|2 ddc
|c BK
|
| 952 |
|
|
|0 0
|1 0
|2 ddc
|4 0
|6 005_276800000000000_GEA_2009
|7 0
|9 12375
|a BRACUL
|b BRACUL
|c GEN
|d 2010-10-11
|l 0
|o 005.2768 GEA
|p 3010021290
|r 2010-10-11
|t 1
|w 2010-10-11
|y BK
|